<?xml version="1.0" encoding="UTF-8"?><?xml-stylesheet type="text/xsl" href="static/style.xsl"?><OAI-PMH xmlns="http://www.openarchives.org/OAI/2.0/" xmlns:xsi="http://www.w3.org/2001/XMLSchema-instance" xsi:schemaLocation="http://www.openarchives.org/OAI/2.0/ http://www.openarchives.org/OAI/2.0/OAI-PMH.xsd"><responseDate>2026-06-29T02:49:19Z</responseDate><request verb="GetRecord" identifier="oai:docta.ucm.es:20.500.14352/35276" metadataPrefix="marc">https://docta.ucm.es/rest/oai/request</request><GetRecord><record><header><identifier>oai:docta.ucm.es:20.500.14352/35276</identifier><datestamp>2024-06-24T18:23:11Z</datestamp><setSpec>com_20.500.14352_14</setSpec><setSpec>col_20.500.14352_15</setSpec></header><metadata><record xmlns="http://www.loc.gov/MARC21/slim" xmlns:dcterms="http://purl.org/dc/terms/" xmlns:xsi="http://www.w3.org/2001/XMLSchema-instance" xmlns:doc="http://www.lyncode.com/xoai" xsi:schemaLocation="http://www.loc.gov/MARC21/slim http://www.loc.gov/standards/marcxml/schema/MARC21slim.xsd">
   <leader>00925njm 22002777a 4500</leader>
   <datafield ind2=" " ind1=" " tag="042">
      <subfield code="a">dc</subfield>
   </datafield>
   <datafield ind2=" " ind1=" " tag="720">
      <subfield code="a">Porrero, M Concepción</subfield>
      <subfield code="e">author</subfield>
   </datafield>
   <datafield ind2=" " ind1=" " tag="720">
      <subfield code="a">Mentaberre, Gregorio</subfield>
      <subfield code="e">author</subfield>
   </datafield>
   <datafield ind2=" " ind1=" " tag="720">
      <subfield code="a">Sánchez, Sergio</subfield>
      <subfield code="e">author</subfield>
   </datafield>
   <datafield ind2=" " ind1=" " tag="720">
      <subfield code="a">Fernández Llario, Pedro</subfield>
      <subfield code="e">author</subfield>
   </datafield>
   <datafield ind2=" " ind1=" " tag="720">
      <subfield code="a">Casas Díaz, Encarna</subfield>
      <subfield code="e">author</subfield>
   </datafield>
   <datafield ind2=" " ind1=" " tag="720">
      <subfield code="a">Mateos García, Ana Isabel</subfield>
      <subfield code="e">author</subfield>
   </datafield>
   <datafield ind2=" " ind1=" " tag="720">
      <subfield code="a">Vidal, Dolors</subfield>
      <subfield code="e">author</subfield>
   </datafield>
   <datafield ind2=" " ind1=" " tag="720">
      <subfield code="a">Lavín, Santiago</subfield>
      <subfield code="e">author</subfield>
   </datafield>
   <datafield ind2=" " ind1=" " tag="720">
      <subfield code="a">Domínguez Rodríguez, Lucas José</subfield>
      <subfield code="e">author</subfield>
   </datafield>
   <datafield ind2=" " ind1=" " tag="720">
      <subfield code="a">Fernández-Garayzábal Fernández, José Francisco</subfield>
      <subfield code="e">author</subfield>
   </datafield>
   <datafield ind2=" " ind1=" " tag="260">
      <subfield code="c">2014-08</subfield>
   </datafield>
   <datafield ind2=" " ind1=" " tag="520">
      <subfield code="a">The presence of methicillin-susceptible Staphylococcus aureus (MSSA) was analyzed in different free-living wild animals to assess the genetic diversity and predominant genotypes on each animal species. Samples were taken from the skin and/or nares, and isolates were characterized by spa typing, multilocus sequence typing (MLST) and antimicrobial susceptibility testing. The proportion of MSSA carriers were 5.00, 22.93, 19.78, and 17.67% in Eurasian griffon vulture, Iberian ibex, red deer, and wild boar, respectively (P = 0.057). A higher proportion of isolates (P = 0.000) were recovered from nasal samples (78.51%) than skin samples (21.49%), but the 9.26% of red deer and 18.25% of wild boar would have been undetected if only nasal samples had been tested. Sixty-three different spa types were identified, including 25 new spa types. The most common were t528 (43.59%) in Iberian ibex, t548 and t11212 (15.79% and 14.04%) in red deer, and t3750 (36.11%) in wild boar. By MLST, 27 STs were detected, of which 12 had not been described previously. The most frequent were ST581 for Iberian ibex (48.72%), ST425 for red deer (29.82%), and ST2328 for wild boar (42.36%). Isolates from Eurasian griffon vulture belong to ST133. Host specificity has been observed for the most frequent spa types and STs (P = 0.000). The highest resistance percentage was found against benzylpenicillin (average, 22.2%), although most of the S. aureus isolates were susceptible to all antimicrobial tested. Basically, MSSA isolates were different from those MRSA isolates previously detected in the same animal species.</subfield>
   </datafield>
   <datafield ind1="8" ind2=" " tag="024">
      <subfield code="a">1098-5336</subfield>
   </datafield>
   <datafield ind1="8" ind2=" " tag="024">
      <subfield code="a">10.1128/AEM.00647-14</subfield>
   </datafield>
   <datafield ind1="8" ind2=" " tag="024">
      <subfield code="a">https://hdl.handle.net/20.500.14352/35276</subfield>
   </datafield>
   <datafield ind1="8" ind2=" " tag="024">
      <subfield code="a">http://aem.asm.org/content/early/2014/06/03/AEM.00647-14</subfield>
   </datafield>
   <datafield ind2="0" ind1="0" tag="245">
      <subfield code="a">Carriage of Staphylococcus aureus by free-living wild animals in Spain</subfield>
   </datafield>
</record></metadata></record></GetRecord></OAI-PMH>